|
|
|
|
| LEADER |
01078nam a2200277 a 4500 |
| 001 |
11994984 |
| 008 |
091019s1999 mnu d 000 0 eng d |
| 999 |
|
|
|c 4734
|d 4734
|
| 010 |
|
|
|a 00298093
|
| 020 |
|
|
|a 0314241302 (deluxe)
|
| 020 |
|
|
|a 0314228640
|
| 040 |
|
|
|a DLC
|c DLC
|d DLC
|d OCoLC
|d DLC
|
| 082 |
0 |
0 |
|a 340.03
|2 20
|
| 245 |
0 |
0 |
|a Black's law dictionary /
|c Bryan A. Garner, editor in chief.
|
| 246 |
3 |
0 |
|a Law dictionary
|
| 250 |
|
|
|a 7th ed.
|
| 260 |
|
|
|a St. Paul, Minn. :
|b West Group,
|c 1999.
|
| 300 |
|
|
|a xxiii, 1738 p. ;
|c 26 cm.
|
| 541 |
1 |
|
|e 00012581
|
| 650 |
|
0 |
|a Law
|z United States
|x Dictionaries.
|9 31291
|
| 650 |
|
0 |
|a Law
|x Dictionaries.
|9 31292
|
| 700 |
1 |
|
|a Garner, Bryan A.
|9 31293
|
| 700 |
1 |
|
|a Black, Henry Campbell,
|d 1860-1927.
|t Black's law dictionary.
|9 31294
|
| 852 |
4 |
|
|a Ayesha Abed Library
|j General Shelf.
|
| 942 |
|
|
|2 ddc
|c BK
|
| 952 |
|
|
|0 0
|1 4
|2 ddc
|4 0
|6 340_030000000000000_BLA
|7 0
|9 4541
|a BRACUL
|b BRACUL
|c GEN
|d 2009-10-19
|g 0.00
|l 0
|o 340.03 BLA
|p 3010012581
|r 2009-10-19
|t 1
|w 2009-10-19
|y BK
|z <For replacement, purchased 1 copy>
|x No price found in the accession register.
|